000 00325nam a2200145Ia 4500
003 OSt
005 20231218072900.0
008 170524s9999 xx 000 0 und d
020 _a9788184110999
040 _cIIMT UNIVERSITY
100 _aDASH- AJAY
245 0 _aNEWS EDITING
260 _bN DELHI SONALI
942 _2ddc
_c01
999 _c9306
_d9306